000 00470nam a22001697a 4500
003 OSt
005 20220916161121.0
008 220916b |||||||| |||| 00| 0 eng d
020 _a0-7347-6321-2
040 _cBiblioteca Lado V
082 _a708
_bL989d
100 _aLynn, Victoria
_ecuradora
245 _aDeep Space/
260 _aAustralia
_bArt Gallery of New South Wales
_c2001
300 _a80p.
_c21x26cm
942 _2ddc
_c1
_h708
_iL989d
_n0
999 _c2060
_d2060